Yellow pages 2006 : connecting Nepal and the world.
| Format: | Book |
|---|---|
| Published: |
Kathmandu:
Development Publication House,
2006.
|
| Edition: | 14th ed. |
| Subjects: |
| LEADER | 00528cam a2200157 7i4500 | ||
|---|---|---|---|
| 001 | 0000017261 | ||
| 005 | 20060417090000.0 | ||
| 090 | 0 | 0 | |a NEPL 910.2595496 |b YEL |
| 245 | 0 | 0 | |a Yellow pages 2006 : |b connecting Nepal and the world. |
| 250 | 0 | 0 | |a 14th ed. |
| 260 | 0 | 0 | |a Kathmandu: |b Development Publication House, |c 2006. |
| 300 | # | # | |a 624 p. |
| 650 | 0 | 0 | |a Business -- |x Directories -- |z Nepal |
| 650 | 0 | 0 | |a Nepal -- |x Telephone directories -- |x Yellow pages |
| 651 | 0 | 0 | |a Nepal |
| 999 | |a B000018513 |b Directories |c Countries |e Business Information Centre | ||